书目信息 |
| 题名: |
快消老手都在这样做
|
|
| 作者: | 方刚 著 | |
| 分册: | ||
| 出版信息: | 北京 中华工商联合出版社 2016 |
|
| 页数: | 159页 | |
| 开本: | 24cm | |
| 丛书名: | 博瑞森管理丛书 | |
| 单 册: | ||
| 中图分类: | F713.50 | |
| 科图分类: | ||
| 主题词: | 市场营销学 | |
| 电子资源: | ||
| ISBN: | 978-7-5158-1464-3 | |
| 000 | 00880oam2 2200253 450 | |
| 001 | 012001002289 | |
| 005 | 20140926114740.0 | |
| 010 | @a978-7-5158-1464-3@dCNY49.80 | |
| 100 | @a20151216d2016 em y0chiy50 ea | |
| 101 | 0 | @achi |
| 102 | @aCN@b110000 | |
| 105 | @aa z 000yy | |
| 106 | @ar | |
| 200 | 1 | @a快消老手都在这样做@9kuai xiao lao shou dou zai zhe yang zuo@b专著@e区域经理操盘锦囊@f方刚著 |
| 210 | @a北京@c中华工商联合出版社@d2016 | |
| 215 | @a159页@c照片@d24cm | |
| 225 | 1 | @a博瑞森管理丛书 |
| 330 | @a本书根据作者多年积累的资料整理而成,是针对快销品区域管理者的进阶指导。全书共五章,分别从市场、行业、终端、管理经销商、深度分销五个方面提出了自己的见解。 | |
| 461 | 0 | @12001 @a博瑞森管理丛书 |
| 606 | 0 | @a市场营销学 |
| 690 | @aF713.50@v5 | |
| 701 | 0 | @a方刚@9fang gang@c(销售)@4著 |
| 801 | 0 | @aCN@b上海新华@c20180901 |
| 905 | @b1157790-4@dF713.50@e1058@f5 | |
| 快消老手都在这样做:区域经理操盘锦囊/方刚著.-北京:中华工商联合出版社,2016 |
| 159页:照片;24cm.-(博瑞森管理丛书) |
| ISBN 978-7-5158-1464-3:CNY49.80 |
| 本书根据作者多年积累的资料整理而成,是针对快销品区域管理者的进阶指导。全书共五章,分别从市场、行业、终端、管理经销商、深度分销五个方面提出了自己的见解。 |
| ● |
| 相关链接 |
|
|
|
|
正题名:快消老手都在这样做
索取号:F713.50/1058
 
预约/预借
| 序号 | 登录号 | 条形码 | 馆藏地/架位号 | 状态 | 备注 |
| 1 | 1157790 | 211577907 | 第一样本阅览室/ [索取号:F713.50/1058] | 在馆 | |
| 2 | 1157791 | 211577916 | 第一借阅区/ [索取号:F713.50/1058] | 在馆 | |
| 3 | 1157792 | 211577925 | 第一借阅区/ [索取号:F713.50/1058] | 在馆 | |
| 4 | 1157793 | 211577934 | 第一借阅区/ [索取号:F713.50/1058] | 在馆 | |
| 5 | 1157794 | 211577943 | 密集书库-海洋学院/ [索取号:F713.50/1058] | 在馆 |